Aristokratický interiér doby baroka ve světle historických inventářů /

Hlavní autor: Lukášová, Eva, 1959-
Další autoři: Otavská, Vendulka, 1963-
Jazyk: Němčina
Čeština
Vydáno: Praha : Národní památkový ústav, 2015
Vydání: 1. vydání
Edice: Odborné a metodické publikace (Národní památkový ústav)
Témata:
Fyzický popis: 167 stran : ilustrace (převážně barevné), faksimile ; 24 cm
Language note: Částečně německý text, anglické resumé
Knihy
Uloženo v:
LEADER 02346nam a2200613 i 4500
001 nkc20172896766
003 CZ PrNK
005 20170608081820.0
007 ta
008 170510s2015 xr ah e f 000 0 cze
015 |a cnb002896766 
020 |a 978-80-7480-055-9  |q (brožováno)  |z 978-80-7480-037-5 
035 |a (OCoLC)993654421 
040 |a OLA001  |b cze  |d ABA001  |e rda 
041 0 |a cze  |a ger  |b eng 
043 |a e-xr--- 
045 |a u-v- 
072 7 |a 72  |x Architektura  |2 Konspekt  |9 21 
080 |a 728.8:929.7  |2 MRF 
080 |a 728.82.012.8  |2 MRF 
080 |a 930.85"15/17"  |2 MRF 
080 |a 930.2  |2 MRF 
080 |a (437.3)  |2 MRF 
080 |a (083.744)  |2 MRF 
100 1 |a Lukášová, Eva,  |d 1959-  |7 mzk2013776286  |4 aut 
245 1 0 |a Aristokratický interiér doby baroka ve světle historických inventářů /  |c Eva Lukášová, Vendulka Otavská 
250 |a 1. vydání 
264 1 |a Praha :  |b Národní památkový ústav,  |c 2015 
300 |a 167 stran :  |b ilustrace (převážně barevné), faksimile ;  |c 24 cm 
336 |a text  |b txt  |2 rdacontent 
336 |a statický obraz  |b sti  |2 rdacontent 
337 |a bez média  |b n  |2 rdamedia 
338 |a svazek  |b nc  |2 rdacarrier 
490 1 |a Odborné a metodické publikace ;  |v svazek 79 
504 |a Obsahuje bibliografii a bibliografické odkazy 
546 |a Částečně německý text, anglické resumé 
648 7 |a 17.-18. století  |7 ch757024  |2 czenas 
650 0 7 |a šlechtická sídla  |7 ph127825  |z Česko  |2 czenas 
650 0 7 |a zámecké interiéry  |7 ph203865  |z Česko  |y 17.-18. století  |2 czenas 
650 0 7 |a baroko  |7 ph118766  |z Česko  |2 czenas 
650 0 7 |a historické prameny  |7 ph114671  |2 czenas 
650 0 9 |a residences of nobility  |z Czechia  |2 eczenas 
650 0 9 |a chateau interiors  |z Czechia  |y 17th-18th centuries  |2 eczenas 
650 0 9 |a baroque  |z Czechia  |2 eczenas 
650 0 9 |a historical sources  |2 eczenas 
655 7 |a certifikované metodiky  |7 fd806827  |2 czenas 
655 9 |a certified methodology  |2 eczenas 
700 1 |a Otavská, Vendulka,  |d 1963-  |7 mzk2011669075  |4 aut 
830 0 |a Odborné a metodické publikace (Národní památkový ústav)  |0 s 
910 2 |a BOA001  |b 2-1388.446 
990 |a BK 
995 |a 01 
991 |b 201705  |c NOV 
996 6 |b 2610707017  |c 2-1388.446  |l MZK  |r Sklad / do 1 hodiny  |n 6  |p p.v.  |w 001612170  |u 000010  |a 1  |e BOA001  |j MZK50  |s P